[Event "Subcarpathian-chT"]
[Site "Bystre"]
[Date "2021.06.13"]
[Round "8.6"]
[White "Bauer, Maja"]
[Black "Zgoda, Aleksandra"]
[Result "1-0"]
[WhiteElo "1055"]
[BlackElo "1192"]
[PlyCount "159"]
[EventDate "2021.06.09"]
[EventType "team-tourn"]
[EventRounds "9"]
[EventCountry "POL"]
[SourceTitle "EXT 2022"]
[Source "ChessBase"]
[SourceDate "2021.10.06"]
[SourceVersion "1"]
[SourceVersionDate "2021.10.06"]
[SourceQuality "1"]

1. e4 c5 2. Nf3 e6 3. d4 cxd4 4. Nxd4 a6 5. a4 b6 6. Be2 Bb7 7. Nd2 Nc6 8. N4b3 Nf6 9. 0-0 Be7 10. f3 0-0 11. Nc4 d5 12. exd5 Nxd5 13. Ne3 Nf4 14. Bc4 Ne5 15. Qe1 Nxc4 16. Nxc4 Ng6 17. Be3 b5 18. Nb6 Rb8 19. Rd1 Qc7 20. Nd7 Qxc2 21. Nxf8 Bxf8 22. Qc3 Qxc3 23. bxc3 bxa4 24. Nc5 Bxc5 25. Bxc5 Rc8 26. Bb4 Ne5 27. Rd4 Bd5 28. Bd6 Nc4 29. Be7 f6 30. Ra1 Kf7 31. Ba3 Nxa3 32. Rxa3 Bb3 33. Rd3 g5 34. Kf2 f5 35. g3 h5 36. h3 Kf6 37. f4 gxf4 38. gxf4 Rc6 39. Ke3 e5 40. fxe5+ Kxe5 41. Kf3 Rc4 42. Ra1 Rf4+ 43. Kg3 h4+ 44. Kg2 Re4 45. Kf3 Rc4 46. Ke3 f4+ 47. Kf3 Rc8 48. Re1+ Kf5 49. Re4 a3 50. Rxf4+ Ke6 51. Re3+ Kd7 52. Rd4+ Kc6 53. Re1 a2 54. Rxh4 Rb8 55. Rh6+ Kb5 56. Rh5+ Kc4 57. Re4+ Kxc3 58. Rc5+ Kb2 59. Re2+ Ka3 60. Ra5+ Kb4 61. Rxa6 Bd1 62. Raxa2 Bxe2+ 63. Rxe2 Kc4 64. Re4+ Kd5 65. Re1 Rh8 66. Kg4 Kd6 67. h4 Kd7 68. Kg5 Rg8+ 69. Kh5 Kd6 70. Re4 Kd7 71. Re5 Kd8 72. Re6 Kd7 73. Rg6 Rh8+ 74. Kg5 Ke7 75. h5 Kf8 76. h6 Kf7 77. Rg7+ Ke8 78. Kg6 Kf8 79. h7 Ke8 80. Rg8+ 1-0

[Event "Subcarpathian-chT"]
[Site "Bystre"]
[Date "2021.06.10"]
[Round "2.6"]
[White "Krzysztynska, Anna"]
[Black "Zgoda, Aleksandra"]
[Result "1-0"]
[WhiteElo "1888"]
[BlackElo "1192"]
[PlyCount "45"]
[EventDate "2021.06.09"]
[EventType "team-tourn"]
[EventRounds "9"]
[EventCountry "POL"]
[SourceTitle "EXT 2022"]
[Source "ChessBase"]
[SourceDate "2021.10.06"]
[SourceVersion "1"]
[SourceVersionDate "2021.10.06"]
[SourceQuality "1"]

1. e4 c5 2. Nc3 e6 3. d3 Nc6 4. g3 d5 5. exd5 exd5 6. Bg2 Be6 7. Nge2 Nge7 8. Nf4 Qd7 9. 0-0 h6 10. Re1 0-0-0 11. a3 Kb8 12. Nxe6 fxe6 13. Bf4+ Ka8 14. b4 cxb4 15. axb4 Nxb4 16. Rxe6 d4 17. Rd6 dxc3 18. Rxd7 Rxd7 19. Qg4 Rd4 20. Qe6 Rd8 21. Qb6 Nec6 22. Rxa7+ Nxa7 23. Bxb7# 1-0